000 00932nam a2200241 4500
001 160877
003 ES-MaACL
005 20230906212139.0
008 010403s1840 fr |||| |cspa d
040 _aCCPB | B
_bspa
_cCCPB | B
080 _a821.134.2"18"
100 1 _aOchoa, Eugenio de.
_986476
245 1 0 _aApuntes para una biblioteca de escritores españoles contemporáneos en prosa y verso /
_cpor Eugenio de Ochoa.
260 _aParis :
_bBaudry, Librería Europea,
_c1840 (
_fFain y Thunot)
300 _a2 v. (III, 540 p. ; 800 p.) ;
_c23 cm.
490 1 _aColección de los mejores autores españoles ;
_v23-24
597 _aRetrato de A. Lista.
650 4 _aEscritores-
_zEspaña-
_yS. XIX.
_9136035
650 4 _aLiteratura española-
_yS.XIX.
_9145943
830 0 _aColección de los mejores autores españoles ;
_v23-24
_9186767
852 _aES-MaACL
_jD-408-09
_z. - Enc. hol.
999 _c160877
_d160877